| 000 | 01384nam a2200301 i 4500 | ||
|---|---|---|---|
| 003 | EG-GICUC | ||
| 005 | 20260428095634.0 | ||
| 008 | 260428s1945 ua |||fr|||| 00| 0 ara d | ||
| 040 |
_a EG-GICUC _bara _c EG-GICUC _d EG-GICUC _erda |
||
| 082 | 0 | 4 |
_221 _a343.3844 _bم ح . م |
| 092 | 0 | 4 | _221 |
| 099 | _aLaw1 10 343.3844 م ح . م 1945 | ||
| 100 | 1 |
_aمحمود أحمد عمر _eمؤلف. |
|
| 245 | 1 | 0 |
_aمجموعة القواعد القانونية التي قررتها محكمة النقض والإبرام في المواد الجنائية _nالجزء السابع، _pعن المدة من 5 نوفمبر سنة 1945 لغاية 13 يونيه سنة 1949 / _cوضعها محمود أحمد عمر ؛ وراجعها سيد مصطفي باشا ؛ وعلق عليها محمد عبد الله بك. |
| 264 | 1 |
_aالقاهرة : _bالمطبعة العالمية، _c1945. |
|
| 300 |
_a1060 ؛ صفحة _b _c24 سم |
||
| 336 |
_2rda content _atext |
||
| 337 |
_2rda media _aComputer |
||
| 338 |
_2rda carrier _aOnline Resource |
||
| 546 | _aالنص باللغة العربية | ||
| 650 | 1 | 4 |
_aالنقض _2qrmak |
| 651 | 1 | _2qrmak | |
| 700 | 1 |
_aسيد مصطفى باشا _eمراجع. |
|
| 700 | 1 |
_aمحمد عبد الله بك _eمؤلف مشارك. |
|
| 856 | 4 | 0 | _uhttps://fll.law.cu.edu.eg/fulltext/bks/B10-11090.pdf |
| 905 | _a161 | ||
| 942 |
_2ddc _cBK _e21 _n0 |
||
| 999 |
_c73787 _d73787 |
||